Statistiques concernant 5 plus gros transferts (arrivées) par club #3

Cliquez ici pour prendre le quiz!

Statistiques générales

  • Ce quiz a été pris 92 fois
  • Le résultat moyen est 15 sur 25

Statistiques - réponses

Club vendeurClub AcheteurSaisonPrixJoueur% Correct
AS MonacoParis Saint Germain18/19180 000 000 €Mbappé
100%
FC BarceloneParis Saint Germain17/18222 000 000 €Neymar
100%
SSC NapoliParis Saint Germain13/1464 500 000 €Cavani
90%
Inter MilanParis Saint Germain21/2268 000 000 €Hakimi
82%
West Ham UnitedOlympique de Marseille16/1729 300 000 €Payet
80%
Manchester UnitedParis Saint Germain15/1663 000 000 €Di Maria
79%
Atletico MadridAS Monaco13/1443 000 000 €Falcao
78%
SC BragaOlympique de Marseille22/2332 000 000 €Vitinha
77%
CSKA MoscouAS Monaco18/1930 000 000 €Golovin
74%
FC SevilleAS Monaco19/2040 000 000 €Ben Yedder
66%
FlamengoOlympique de Marseille21/2220 500 000 €Gerson
61%
FC PortoAS Monaco13/1445 000 000 €Rodriguez
60%
FC LorientOGC Nice22/2322 500 000 €Moffi
59%
Stade RennaisOGC Nice22/2315 000 000 €Laborde
56%
AS RomeOlympique de Marseille16/1725 000 000 €Strootman
56%
AC MilanOlympique Lyonnais20/2123 440 000 €Paqueta
55%
Ajax AmsterdamOGC Nice19/2020 500 000 €Dolberg
54%
Angers SCOOlympique Lyonnais19/2025 000 000 €Reine-Adélaïde
52%
FC PortoOlympique Lyonnais09/1024 000 000 €Lopez
49%
AS MonacoOGC Nice22/2322 000 000 €Diop
46%
Sampdoria de GenesOlympique Lyonnais19/2024 000 000 €Andersen
43%
LOSC LilleOlympique Lyonnais19/2022 000 000 €Mendes
43%
FC PortoOlympique de Marseille09/1019 000 000 €Gonzalez
30%
Atletico MadridAS Monaco19/2030 000 000 €Martins
29%
AZ AlkmaarOGC Nice21/2215 000 000 €Stengs
29%

Distribution des résultats

Percentile par nombre de réponses

% des personnes avec chaque résultat

Votre développement - résultats

Vous n’avez pas pris ce quiz